Las ganancias del capital. (Record no. 68069)

MARC details
000 -LEADER
campo de control de longitud fija 00444nam a2200157 i 4500
001 - NÚMERO DE CONTROL
campo de control 68069
003 - IDENTIFICADOR DE NÚMERO DE CONTROL
campo de control ES-MaACL
005 - FECHA Y HORA DE LA ÚLTIMA TRANSACCIÓN
campo de control 20230906170211.0
007 - CAMPO FIJO DE DESCRIPCIÓN FÍSICA--INFORMACIÓN GENERAL
campo de control de longitud fija t|
008 - DATOS DE LONGITUD FIJA--INFORMACIÓN GENERAL
campo de control de longitud fija 040217s1976 sp ||||1| spa d
245 04 - MENCIÓN DEL TÍTULO
Título Las ganancias del capital.
260 ## - PUBLICACIÓN, DISTRIBUCIÓN, ETC.
Lugar de publicación, distribución, etc. Madrid :
Nombre del editor, distribuidor, etc. [Derecho Privado,
Fecha de publicación, distribución, etc. 1976] (
Fabricante Sèz)
300 ## - DESCRIPCIÓN FÍSICA
Extensión 823 p. ;
Dimensiones 24 cm.
711 2# - ENTRADA AGREGADA--NOMBRE DE REUNIÓN
Nombre de congreso/reunión o jurisdicción como elemento de entrada Semana de Estudios de Derecho Financiero (
Número del congreso/reunión o número de parte o sección 13ª)
9 (RLIN) 993
852 ## - LOCALIZACIÓN
Ubicación ES-MaACL
Número de control de estantería A-5613
Sublocalización o colección R.94468
Holdings
Estatus retirado Estado de pérdida Estado de daño No para préstamo Biblioteca de origen Biblioteca actual Ubicación en estantería Fecha de adquisición Fuente de adquisición Total de préstamos Signatura topográfica completa Código de barras Visto por última vez Precio de reemplazo Tipo de ítem Koha
        Biblioteca del Ateneo de Madrid Biblioteca del Ateneo de Madrid Sala Pecera Planta 1 17/01/2008     A-5613 1071262 23/02/2023 23/02/2023 Libro impreso